<?xml version="1.0" encoding="UTF-8"?>
<marc:record xmlns:marc="http://www.loc.gov/MARC21/slim">
   <marc:leader>00000nam a2200000 a 4500</marc:leader>
   <marc:datafield ind1="0" ind2="0" tag="245">
      <marc:subfield code="a">The Broken Circle</marc:subfield>
   </marc:datafield>
   <marc:datafield ind1=" " ind2="1" tag="264">
      <marc:subfield code="b">Pandora Film</marc:subfield>
      <marc:subfield code="c">2013</marc:subfield>
   </marc:datafield>
   <marc:datafield ind1="1" ind2=" " tag="520">
      <marc:subfield code="a">Elise und Didier sind ein ungewöhnliches Paar. Elise hat ein Tattoo-Studio, Didier spielt Banjo in einer Bluegrass-Band. Er redet viel, sie hört meistens zu. Er ist ein überzeugter Atheist und ein hoffnungsloser Romantiker, sie schmückt sich mit einem tätowierten Kreuz und steht mit beiden Beinen fest im Leben. Als sie sich kennenlernen, ist es Liebe auf den ersten Blick. Ihr Glück ist perfekt, als Maybelle geboren wird. Doch als sie im Alter von sechs Jahren ernsthaft erkrankt, gerät ihre Welt aus den Fugen und all die Wendepunkte ihrer intensiven Beziehung ziehen an ihnen vorbei. Sie erinnern sich an den Zauber des Anfangs, die zunehmende Nähe durch ihre gemeinsame Leidenschaft für Bluegrass-Musik, ihre ungewöhnliche Hochzeit, die unerwartete Schwangerschaft und schließlich an die Freude nach der Geburt ihrer wundervollen Tochter. Ein vollständiger Kreis des Glücks für ein sehr unkonventionelles Paar ...</marc:subfield>
   </marc:datafield>
   <marc:datafield ind1=" " ind2=" " tag="020">
      <marc:subfield code="a">4042564143454</marc:subfield>
      <marc:subfield code="9">4042564143454</marc:subfield>
   </marc:datafield>
   <marc:datafield ind1="0" ind2=" " tag="490">
      <marc:subfield code="v">0</marc:subfield>
   </marc:datafield>
   <marc:datafield ind1=" " ind2=" " tag="338">
      <marc:subfield code="a">Videodisk</marc:subfield>
   </marc:datafield>
   <marc:datafield ind1=" " ind2=" " tag="300">
      <marc:subfield code="a">1 DVD</marc:subfield>
   </marc:datafield>
</marc:record>
